Básně /
Sbírka básní a poetických parafrází na hranici mezi groteskou a tragikou vyjadřuje přírodní lyriku a echa minulosti. Vít Kremlička převedl několik barokních kreolských textů písní do formy básní a zčásti je transponoval do současné doby. Vyjadřuje tak nové významové harmonie a kontrasty v rozpětí z...
Uloženo v:
| Hlavní autor: | |
|---|---|
| Médium: | E-kniha |
| Jazyk: | Czech |
| Vydáno: |
Praha :
E-knihy jedou,
2022
|
| Tagy: |
Žádné tagy |
| LEADER | 01541nam a22002297i 4500 | ||
|---|---|---|---|
| 001 | 311547 | ||
| 007 | ta | ||
| 008 | 260601s2022 xr ||||| |||| 00| 0 cze d | ||
| 020 | |a 9990003507723 | ||
| 044 | |a xr | ||
| 100 | 1 | |a Kremlička, Vít |4 aut | |
| 245 | 1 | 0 | |a Básně / |c Kremlička, Vít |
| 264 | 1 | |a Praha : |b E-knihy jedou, |c 2022 | |
| 300 | |a 1 online zdroj (65 stran) | ||
| 336 | |a text |b txt |2 rdacontent | ||
| 337 | |a bez média |b n |2 rdamedia | ||
| 338 | |a online zdroj |b cr |2 rdacarrier | ||
| 520 | 2 | |a Sbírka básní a poetických parafrází na hranici mezi groteskou a tragikou vyjadřuje přírodní lyriku a echa minulosti. Vít Kremlička převedl několik barokních kreolských textů písní do formy básní a zčásti je transponoval do současné doby. Vyjadřuje tak nové významové harmonie a kontrasty v rozpětí z minulosti k dnešku. Drsnou nostalgií odhání démony modernistických krasoduchů a staronové experimenty konkretizovaných abstrakcí do retro steampunkové syntézy. Poesie jako uzrálý rum neulpívá a její umělecký světonázor vede ducha k rozpětí imaginace. | |
| 910 | |a RBIT002 | ||
| 998 | |d 350772 |a https://core.palmknihy.cz/api/books/350772/cover?raabit |b https://core.palmknihy.cz/api/books/350772/cover/400?raabit |c https://core.palmknihy.cz/api/books/350772/cover/50?raabit |e |g 65 |i 9990003507723 |j https://core.palmknihy.cz/api/books/350772/preview.epub |k https://core.palmknihy.cz/api/books/350772/preview.pdf |l |q 49 |r 1 |s https://www.palmknihy.cz/kniha/350772 |t ebook |y 2022 |z 1 | ||
| 999 | |d 311545 | ||